000 01332nam a2200277 i 4500
003 OSt
005 20200618133251.0
008 200618s2018 enka j| 000 0 eng d
020 _a9781911373650
_cRM123.36
_qhardback
040 _aPPAK
_beng
_cPPAK
_erda
082 0 4 _223
_a327.172092
090 0 0 _a327.172092
_bWIN
_dRK
100 1 _aWinter, Ali,
_eauthor.
245 1 0 _aPEACE AND ME /
_cText : Ali Winter ; Illustrations : Mickaël El Fathi
264 1 _aLondon :
_bLantana Publishing,
_c2018
300 _a1 volume (unpaged) :
_bcolour illustrations ;
_c27 cm
336 _2rdacontent
_atext
337 _2rdamedia
_aunmediated
338 _2rdacarrier
_avolume
500 _a"Inspired by the lives of Nobel Peace Prize Laureates"--Cover.
520 _aAn illustrated collection of inspirational ideas about peace based on the lives of Nobel Peace Prize Laureates of the 20th and 21st centuries. Includes: Jean Henry Dunant, Fridtjof Nansen, Jane Addams, John Boyd Orr of Brechin, Martin Luther King Jr., Mother Teresa, Desmond Tutu, Rigoberta Menchú Tum, Nelson Mandela, Shirin Ebadi, Wangari Maathai, Malala Yousafzai.
650 1 0 _aPacifists
_vBiography
_xJuvenile literature
650 2 0 _aNobel Prize winners
_vHistory
_xJuvenile literature
700 1 _aFathi, Mickaël el,
_d1982-
_eillustrator.
942 _2ddc
_cB
999 _c177755
_d177755